Melancholická prechádzka

Bibliographic Details
Main Author: Mojík, Ivan, 1928-2007 (Author)
Format: Article
Language:Slovak
Subjects:

MARC

LEADER 00000nab a2200000 a 4500
001 vtls000473671
003 SK-MaSNL
005 20260304014214.0
008 241209c1992 xo 0 slo
015 |a SNBRB19rr/mm-uuuuu 
035 |a CL0473805 
040 |a SNKBUCL  |b slo  |c SNKBUCL  |e AACR2 
041 0 |a slo 
044 |a xo  |c SK 
080 |a 82.09:885.0-1(048)  |2 1981 
080 |a 885.0-1(048)  |2 1981 
100 1 |a Mojík, Ivan,  |d 1928-2007  |4 aut  |9 13383 
245 1 0 |a Melancholická prechádzka  |c Ivan Mojík 
650 0 7 |a česká poézia  |2 snkbucl  |9 1180 
655 7 |a recenzie  |2 snkbucl  |9 21907 
655 7 |a články z novín a časopisov  |2 snkbucl  |9 267496 
655 7 |a články z odboru literárna veda a krásna literatúra  |2 snkbucl  |9 770045 
773 0 |t Kultúrny život  |g Roč. 26, č. 38 (1992), s. 9 
787 0 8 |i Rec.:  |a Blatný, Ivan  |d Praha : Československý spisovatel, 1992 
850 |a Slovenská národná knižnica 
852 |a Slovenská národná knižnica 
958 |a RK 
958 |a CZ 
958 |a LX 
958 |a GB 
992 |a RBX 
999 |c 2582413  |d 2584343